=LDR 00000nam 2200000 4500 =001 INLIS000000000051395 =005 20200217105830 =035 ##$$a 0010-0917000199 =007 ta =008 200217################g##########0#ind## =020 ##$$a 978-602-0808-24-6 =082 ##$$a 153.8 =084 ##$$a 153.8 Eri m =100 #$$a Erik Triadi =245 1#$$a Muda Kaya Mendunia /$c Erik triadi; Penyunting, Chrisna farmadiani =260 ##$$a Yogyakarta :$b Trans Idea Publishing,$c 2016 =300 ##$$a 178 hlm : $b Ilus ; $c 13 x 19 cm =500 ##$$a Bibliografi : Hlm. 173 -175 =650 #4$$a Motivasi =520 ##$$a Biografi : Hlm.177 - 178 =250 ##$$a Cet. 1 =990 ##$$a 21703700 =990 ##$$a 21703599 =990 ##$$a 21703598 =990 ##$$a 21703697 =990 ##$$a 21703596 =990 ##$$a 21703600 =990 ##$$a 21703597 =990 ##$$a 21703600 =990 ##$$a 21703700 =990 ##$$a 21703599 =990 ##$$a 21703598 =990 ##$$a 21703697 =990 ##$$a 21703596 =990 ##$$a 21703597 =990 ##$$a 21703598 =990 ##$$a 21703700 =990 ##$$a 21703599 =990 ##$$a 21703697 =990 ##$$a 21703596 =990 ##$$a 21703600 =990 ##$$a 21703597 =990 ##$$a 21703700 =990 ##$$a 21703599 =990 ##$$a 21703598 =990 ##$$a 21703697 =990 ##$$a 21703596 =990 ##$$a 21703600 =990 ##$$a 21703597